000 00691nam a2200229 a 4500
001 000044974
003 DO-SdBNP
005 20240513194009.0
007 ta
008 150127s1987 dr a 000 0 spa d
040 _aDO-SdBNP
_bspa
_cBNPHU
082 _a005.7565
_bA473i
_222
100 1 _aAlvarez Renta, Virgilio
_953395
245 1 0 _aIntroducción a dBase III :
_bplus /
_cVirgilio Alvarez Renta.
260 _aSanto Domingo :
_bMICROPROG,
_c1987.
300 _a305 p. :
_bil. ;
_c20 cm.
590 _aInventariado, 2023 / DG
650 4 0 _aAdministración de bases de datos
_947290
650 4 _adBase III Plus (Programa para computador)
_983091
910 _aDG
942 _2ddc
_cLBS1
999 _c44463
_d44463